000 01129nam a2200313 i 4500
001 000021956
003 DO-SdBNP
005 20240917102031.0
007 ta
008 090909s1984 dr a 001 0 spa d
040 _aDO-SdBNP
_bspa
_cBNPHU
_erda
041 _aspa
082 4 _a972.93
_bM433s
_222
100 1 _aMatos Díaz, Eduardo,
_921060
_eautor
_4aut.
242 _a
245 1 0 _aSanto Domingo de ayer :
_bvida, costumbres y acontecimientos /
_cEduardo Matos Díaz.
264 4 _aSanto Domingo :
_bEdiciones de Taller,
_c©1984
300 _a190 páginas :
_bilustraciones, fotos, retratos ;
_c21 cm.
336 _atexto
_btxt
_2rdacontent
337 _asin mediación
_bn
_2rdamedia
338 _avolumen
_bn
_2rdacarrier
490 0 _aBiblioteca Taller ;
_v173
590 _aInventariado, 2018/VM
650 4 _aCiudades y pueblos
_zRepública Dominicana
_9784
651 4 _aSanto Domingo (República Dominicana{Rpara}
_xVida social y costumbres
_91895
651 4 _aSanto Domingo (República Dominicana{Rpara}
_xHistoria Local
_91894
910 _aValidado. Control de calidad. MMOLINA
942 _2ddc
_cLBS1
999 _c21454
_d21454